| 000 | 00928nmc a2200313 a 4500 | ||
|---|---|---|---|
| 003 | AR-BaBNM | ||
| 005 | 20251128205754.0 | ||
| 008 | 168019s1995 ||||||||||||||000 | spa|| | ||
| 020 | _a950-724-480-8 | ||
| 040 | _cAR-BaBNM | ||
| 100 | 1 | _aAguilar Idáñez, María José | |
| 245 | 1 | 0 |
_aDiagnóstico social _bconceptos y metodología |
| 260 |
_aBuenos Aires _bLumen _c1995 |
||
| 300 | 0 |
_a78 p. _bgráfs. |
|
| 490 | 0 | _aPolítica, servicios y trabajo social | |
| 504 | _aLa bibliografía citada se presenta al final de cada capítulo | ||
| 600 | 1 | 4 | _aRichmond, Mary |
| 650 | 4 | _aACCION SOCIAL | |
| 650 | 4 | _aASISTENCIA SOCIAL | |
| 650 | 4 | _aSOCIOLOGIA | |
| 650 | 4 | _aMETODOLOGIA | |
| 650 | 4 | _aTRABAJO SOCIAL | |
| 650 | 4 | _aTRABAJADORES SOCIALES | |
| 700 | 1 | _aAnder-Egg, Ezequiel | |
| 800 | 1 |
_aAguilar Idáñez, María José _edirector |
|
| 800 | 1 |
_aAnder-Egg, Ezequiel _edirector |
|
| 942 | _cBK | ||
| 998 | _carturo | ||
| 999 |
_c12752 _d12752 |
||